Statistics for Snakes of Europe

Click here to take the quiz!

General Stats

  • This quiz has been taken 6 times
  • The average score is 10 of 61

Answer Stats

HintAnswer% Correct
Vipers
Viperidae
European adder
Vipera berus
83%
Blind snakes
Typhlopidae
European worm snake
Xerotyphlops vermicularis
67%
Colubrids
Colubridae
Grass snake
Natrix natrix
67%
Boas
Boidae
Javelin sand boa
Eryx jaculus
67%
Colubrids
Colubridae
Barred grass snake
Natrix helvetica
50%
Colubrids
Colubridae
Beauty snake
Elaphe taeniura
33%
Colubrids
Colubridae
Caspian whipsnake
Dolichophis caspius
33%
Boas
Boidae
Dwarf sand boa
Eryx miliaris
33%
LamprophiidaeEastern Montpellier snake
Malpolon insignitus
33%
Colubrids
Colubridae
European cat snake
Telescopus fallax
33%
Vipers
Viperidae
Magnificent viper
Vipera magnifica
33%
Vipers
Viperidae
Milos viper
Macrovipera schweizeri
33%
LamprophiidaeMontpellier snake
Malpolon monspessulanus
33%
Vipers
Viperidae
Nose-horned viper
Vipera ammodytes
33%
Vipers
Viperidae
Piedmont viper
Vipera walser
33%
Colubrids
Colubridae
Smooth snake
Coronella austriaca
33%
Colubrids
Colubridae
Aesculapian snake
Zamenis longissimus
17%
Vipers
Viperidae
Asp viper
Vipera aspis
17%
Colubrids
Colubridae
Balkan whip snake
Hierophis gemonensis
17%
Vipers
Viperidae
Caucasus subalpine viper
Vipera dinniki
17%
Vipers
Viperidae
Caucasus viper
Vipera kaznakovi
17%
Colubrids
Colubridae
Dice snake
Natrix tessellata
17%
Colubrids
Colubridae
False smooth snake
Macroprotodon cucullatus
17%
Colubrids
Colubridae
Iberian false smooth snake
Macroprotodon brevis
17%
Colubrids
Colubridae
Iberian grass snake
Natrix astreptophora
17%
Vipers
Viperidae
Karaganda pit viper
Gloydius caraganus
17%
Vipers
Viperidae
Meadow viper
Vipera ursinii
17%
Vipers
Viperidae
Ottoman viper
Montivipera xanthina
17%
Vipers
Viperidae
Seoane's viper
Vipera seoanei
17%
Vipers
Viperidae
Siberian pit viper
Gloydius halys
17%
Colubrids
Colubridae
Southern smooth snake
Coronella girondica
17%
Colubrids
Colubridae
Viperine water snake
Natrix maura
17%
Colubrids
Colubridae
Western whip snake
Hierophis viridiflavus
17%
Colubrids
Colubridae
Algerian whip snake
Hemorrhois algirus
0%
Colubrids
Colubridae
Asia Minor dwarf racer
Eirenis modestus
0%
Colubrids
Colubridae
Black whip snake
Dolichophis jugularis
0%
Colubrids
Colubridae
Blotched snake
Elaphe sauromates
0%
Vipers
Viperidae
Caucasian meadow viper
Vipera lotievi
0%
Colubrids
Colubridae
Collared dwarf racer
Eirenis collaris
0%
Colubrids
Colubridae
Cyprus whip snake
Hierophis cypriensis
0%
Colubrids
Colubridae
Dahl's whip snake
Platyceps najadum
0%
Colubrids
Colubridae
Four-lined snake
Elaphe quatuorlineata
0%
Vipers
Viperidae
Greek meadow viper
Vipera graeca
0%
Colubrids
Colubridae
Horseshoe whip snake
Hemorrhois hippocrepis
0%
Colubrids
Colubridae
Italian aesculapian snake
Zamenis lineatus
0%
Colubrids
Colubridae
Ladder snake
Rhinechis scalaris
0%
Colubrids
Colubridae
Large-headed water snake
Natrix megalocephala
0%
Vipers
Viperidae
Lataste's viper
Vipera latastei
0%
Colubrids
Colubridae
Leopard snake
Zamenis situla
0%
Vipers
Viperidae
Levant viper
Macrovipera lebetina
0%
Vipers
Viperidae
Nikolsky's adder
Vipera nikolskii
0%
Vipers
Viperidae
Orlov's viper
Vipera orlovi
0%
Colubrids
Colubridae
Red-bellied racer
Dolichophis schmidti
0%
Colubrids
Colubridae
Red whip snake
Platyceps collaris
0%
Colubrids
Colubridae
Slender racer
Orientocoluber spinalis
0%
Colubrids
Colubridae
Spotted whip snake
Hemorrhois ravergieri
0%
Colubrids
Colubridae
Steppes rat snake
Elaphe dione
0%
Vipers
Viperidae
Steppe viper
Vipera renardi
0%
Colubrids
Colubridae
Transcaucasian rat snake
Zamenis hohenackeri
0%
Colubrids
Colubridae
Urartian rat snake
Elaphe urartica
0%
Colubrids
Colubridae
Macroprotodon mauritanicus
0%

Score Distribution

Percentile by Number Answered

Percent of People with Each Score

Your Score History

You have not taken this quiz